[Event "PRO League Group Stage"]
[Site "chess.com INT"]
[Date "2019.01.08"]
[Round "1"]
[White "Katz, Alexander"]
[Black "Shimanov, Aleksandr"]
[Result "1/2-1/2"]
[WhiteTitle "IM"]
[BlackTitle "GM"]
[WhiteElo "2433"]
[BlackElo "2610"]
[WhiteTeam "Miami Champions"]
[BlackTeam "Webster Windmills"]
[WhiteFideId "2039796"]
[BlackFideId "4198603"]
[EventDate "2019.01.08"]

1. e4 e5 2. Nf3 Nc6 3. Bc4 Bc5 4. c3 Nf6 5. d3 O-O 6. O-O a5 7. d4 Bb6 8. dxe5
Nxe4 9. Qd5 Nxf2 10. Rxf2 d6 11. exd6 Be6 12. Qd3 Bxc4 13. Qxc4 Qxd6 14. Bf4
Qd1+ 15. Qf1 Rad8 16. Nd4 Qh5 17. Qe2 Qxe2 18. Rxe2 Nxd4 19. cxd4 Rxd4 20. Be3
Re4 21. Bxb6 Rxe2 22. Nc3 Rxb2 23. Bxc7 Rc8 24. Nd5 Re8 25. Bxa5 Ree2 26. Nf4
Rxa2 27. Rd1 Re8 28. Bc3 Rc2 29. Nd5 f6 30. Bxf6 Ree2 31. Nf4 Re4 32. Nd5 Ree2
33. Nf4 Rf2 34. Be5 g5 35. Nd5 Rxg2+ 36. Kh1 Rgd2 37. Nf6+ Kf7 38. Rb1 Ke6 39.
Ng4 h5 40. Ne3 Rc6 41. Bg3 Re2 42. Nf1 h4 43. Be1 Rcc2 44. Bd2 g4 45. Rxb7 g3
46. hxg3 hxg3 47. Rb6+ Kd7 48. Rg6 g2+ 49. Rxg2 Rxg2 50. Kxg2 Rxd2+ 51. Nxd2 1/2-1/2

[Event "PRO League Group Stage"]
[Site "chess.com INT"]
[Date "2019.01.08"]
[Round "1"]
[White "Miellier, Yan"]
[Black "Grabinsky, Joshua"]
[Result "1-0"]
[BlackTitle "CM"]
[WhiteElo "2118"]
[BlackElo "2078"]
[WhiteTeam "Miami Champions"]
[BlackTeam "Webster Windmills"]
[WhiteFideId "14128764"]
[BlackFideId "30919754"]
[EventDate "2019.01.08"]

1. d4 Nf6 2. c4 e6 3. Nc3 Bb4 4. e3 c5 5. Ne2 b6 6. a3 Ba5 7. Rb1 Na6 8. Bd2 O-O
9. d5 Bb7 10. Nf4 g5 11. Nh5 exd5 12. cxd5 Nxh5 13. Qxh5 Bxc3 14. Bxc3 f5 15. d6
b5 16. Bxb5 Bd5 17. Bxa6 Rf7 18. Bd3 Be6 19. h4 g4 20. Qg5+ Kf8 21. Qxd8+ Rxd8
22. O-O Rc8 23. Be5 Bb3 24. Rfc1 Ba2 25. Ra1 Bd5 26. Bc4 Be6 27. b4 Kg8 28. Bxe6
dxe6 29. Rxc5 Rd8 30. Rc7 Rfd7 31. Rxd7 Rxd7 32. Rc1 Kf7 33. Rc7 Ke8 34. Rxd7
Kxd7 35. b5 h6 36. h5 Ke8 37. a4 Kd7 38. a5 Kd8 39. b6 axb6 40. axb6 Kc8 41. b7+
Kxb7 42. d7 g3 43. d8=Q gxf2+ 44. Kf1 Kc6 45. Qd6+ Kb5 46. Qc7 f4 47. exf4 Kb4
48. Qc6 Kb3 49. Qc5 Ka2 50. Qb6 Ka3 51. Qb5 Ka2 52. Qb2# 1-0

[Event "PRO League Group Stage"]
[Site "chess.com INT"]
[Date "2019.01.08"]
[Round "1"]
[White "Liang, Awonder"]
[Black "Saric, Ivan"]
[Result "0-1"]
[WhiteTitle "GM"]
[BlackTitle "GM"]
[WhiteElo "2589"]
[BlackElo "2690"]
[WhiteTeam "Pittsburgh Pawngrabbers"]
[BlackTeam "Montreal Chessbrahs"]
[WhiteFideId "2056437"]
[BlackFideId "14508150"]
[EventDate "2019.01.08"]

1. e4 g6 2. d4 d6 3. Nf3 Nf6 4. Nc3 Bg7 5. Be3 O-O 6. Qd2 b6 7. Bh6 Bb7 8. Bxg7
Kxg7 9. Bd3 c5 10. O-O-O cxd4 11. Nxd4 Nc6 12. Nxc6 Bxc6 13. h4 h5 14. f3 Qd7
15. Rdg1 Rh8 16. Qg5 Qe6 17. Kb1 Qe5 18. Qe3 Qc5 19. Qd2 b5 20. Ne2 a5 21. g4
hxg4 22. Ng3 e6 23. Qc1 gxf3 24. h5 Nxh5 25. Nxh5+ Rxh5 26. Rxh5 Qxh5 27. Rh1
Qe5 28. Qh6+ Kf6 29. Qe3 Ke7 30. Qxf3 Rh8 31. Rf1 Be8 32. Qf2 b4 33. b3 Kf8 0-1

[Event "PRO League Group Stage"]
[Site "chess.com INT"]
[Date "2019.01.08"]
[Round "1"]
[White "Shabalov, Alexander"]
[Black "Van Kampen, Robin"]
[Result "1-0"]
[WhiteTitle "GM"]
[BlackTitle "GM"]
[WhiteElo "2529"]
[BlackElo "2658"]
[WhiteTeam "Pittsburgh Pawngrabbers"]
[BlackTeam "Montreal Chessbrahs"]
[WhiteFideId "2008572"]
[BlackFideId "1020854"]
[EventDate "2019.01.08"]

1. e4 c5 2. Nf3 d6 3. d4 cxd4 4. Nxd4 Nf6 5. Nc3 a6 6. Be2 e5 7. Nb3 Be7 8. Be3
Be6 9. h4 Nc6 10. Nd5 Bxd5 11. exd5 Nb4 12. c4 a5 13. h5 O-O 14. Nd2 Nd7 15. h6
g6 16. O-O f5 17. f4 exf4 18. Bxf4 Bg5 19. a3 Na6 20. Qb3 Bxf4 21. Rxf4 Qg5 22.
Raf1 Rae8 23. Bd1 Nac5 24. Qh3 Ne5 25. Be2 Nf7 26. Qf3 Nxh6 27. b4 axb4 28. axb4
Nd7 29. c5 Ne5 30. Qc3 Neg4 31. Bxg4 Nxg4 32. cxd6 Qd8 33. Qc5 b6 34. Qc6 Re2
35. Nf3 Rf6 36. Nd4 Rxd6 37. Qb7 Rxd5 38. Nxe2 Ne3 39. R1f3 Rd1+ 40. Kh2 Nd5 41.
Rc4 Ne7 1-0

[Event "PRO League Group Stage"]
[Site "chess.com INT"]
[Date "2019.01.08"]
[Round "1"]
[White "Hansen, Eric"]
[Black "Bregadze, Levan"]
[Result "1/2-1/2"]
[WhiteTitle "GM"]
[BlackTitle "IM"]
[WhiteElo "2615"]
[BlackElo "2460"]
[WhiteTeam "Montreal Chessbrahs"]
[BlackTeam "Pittsburgh Pawngrabbers"]
[WhiteFideId "2606771"]
[BlackFideId "13603264"]
[EventDate "2019.01.08"]

1. e4 c5 2. Nf3 d6 3. d4 cxd4 4. Nxd4 Nf6 5. Nc3 Nc6 6. Bg5 e6 7. Qd2 Be7 8.
O-O-O O-O 9. f3 a6 10. h4 Nxd4 11. Qxd4 b5 12. e5 dxe5 13. Qxe5 Qb6 14. h5 h6
15. Be3 Qb8 16. Qxb8 Rxb8 17. Bf4 Rb6 18. Bd3 Bb7 19. a4 b4 20. a5 Rc6 21. Na4
Nd5 22. Be5 b3 23. c3 Ne3 24. Rd2 Nc4 25. Bxc4 Rxc4 26. Rd4 Rxd4 27. Bxd4 Bg5+
28. Kb1 Bd5 29. Nc5 Bc4 30. Re1 Bd2 31. Rd1 Bf4 32. Bf2 Rc8 33. Rd4 Bg3 34. Be3
Bf1 35. Nxb3 Rb8 36. Nc5 Be5 37. Rd1 Bxg2 38. Nd7 Bxf3 39. Rg1 Rb5 40. Nxe5 Rxe5
41. Bxh6 Rxh5 42. Bxg7 Be4+ 43. Kc1 Bg6 44. Bd4 Rxa5 45. Kd2 e5 46. Rg5 Rb5 47.
c4 Rb3 48. Bxe5 Rd3+ 49. Ke2 Rh3 50. c5 Rh5 51. Rxh5 Bxh5+ 52. Ke3 Kf8 53. c6
Ke8 54. Kd4 Bf3 55. Kc5 f5 56. Bf6 Bg2 57. Bg5 Bh1 58. Kd6 Be4 59. b4 Bg2 60. c7
Bb7 61. Bf4 Bc8 62. Kc6 Ke7 63. Kb6 Ke6 64. Ka7 Kd5 65. Kb8 Be6 66. Kb7 Kc4 67.
Bd2 Kb5 68. c8=Q Bxc8+ 69. Kxc8 f4 70. Bxf4 Kxb4 71. Bc7 a5 72. Bxa5+ 1/2-1/2

[Event "PRO League Group Stage"]
[Site "chess.com INT"]
[Date "2019.01.08"]
[Round "1"]
[White "Eshleman, Brandon"]
[Black "Shetty, Atulya"]
[Result "0-1"]
[BlackTitle "IM"]
[WhiteElo "1807"]
[BlackElo "2401"]
[WhiteTeam "Montreal Chessbrahs"]
[BlackTeam "Pittsburgh Pawngrabbers"]
[WhiteFideId "2617650"]
[BlackFideId "2031213"]
[EventDate "2019.01.08"]

1. e4 c5 2. d4 cxd4 3. c3 d3 4. Bxd3 Nc6 5. c4 g6 6. Nc3 Bg7 7. Nge2 Nf6 8. h3
O-O 9. Be3 d6 10. Rc1 b6 11. O-O Bb7 12. b3 Rc8 13. Bb1 Qd7 14. Qd2 Rfd8 15. Nd5
e6 16. Nxf6+ Bxf6 17. Rcd1 Qe7 18. f4 Bg7 19. Qe1 Re8 20. g4 d5 21. cxd5 exd5
22. Ng3 dxe4 23. f5 Ne5 24. Qf2 Nf3+ 25. Kg2 Rc3 26. Rfe1 Bf6 27. Rc1 Rec8 28.
Rxc3 Rxc3 29. Rc1 Rxc1 30. Bxc1 e3 31. Qxf3 Bxf3+ 32. Kxf3 Bg5 33. Ne4 e2 34.
Bxg5 Qxg5 0-1

[Event "PRO League Group Stage"]
[Site "chess.com INT"]
[Date "2019.01.08"]
[Round "1"]
[White "Ke, Ivan"]
[Black "Naroditsky, Daniel"]
[Result "0-1"]
[BlackTitle "GM"]
[WhiteElo "2251"]
[BlackElo "2616"]
[WhiteTeam "San Jose Hackers"]
[BlackTeam "San Francisco Mechanics"]
[WhiteFideId "30914477"]
[BlackFideId "2026961"]
[EventDate "2019.01.08"]

1. d4 Nf6 2. Nf3 g6 3. c4 Bg7 4. g3 O-O 5. Bg2 d6 6. O-O Nbd7 7. Nc3 e5 8. e4 c6
9. h3 Qa5 10. Re1 exd4 11. Nxd4 Re8 12. Be3 Ne5 13. Bf1 Be6 14. Nxe6 Rxe6 15.
Rb1 Nxe4 16. b4 Nxc3 17. bxa5 Nxd1 18. Rexd1 b6 19. axb6 axb6 20. Rxb6 h5 21.
Bf4 Nf3+ 22. Kg2 Ne1+ 23. Kg1 Rxa2 24. Rb3 c5 25. Rd5 Bd4 26. Be3 Bxe3 27. Rxe3
Rxe3 28. fxe3 Nf3+ 0-1

[Event "PRO League Group Stage"]
[Site "chess.com INT"]
[Date "2019.01.08"]
[Round "1"]
[White "Yoo, Christopher Woojin"]
[Black "Gozzoli, Yannick"]
[Result "1-0"]
[WhiteTitle "FM"]
[BlackTitle "GM"]
[WhiteElo "2388"]
[BlackElo "2630"]
[WhiteTeam "San Jose Hackers"]
[BlackTeam "San Francisco Mechanics"]
[WhiteFideId "30909694"]
[BlackFideId "616915"]
[EventDate "2019.01.08"]

1. e4 e5 2. Nf3 Nc6 3. Bb5 a6 4. Ba4 Nf6 5. O-O Be7 6. d3 d6 7. c3 O-O 8. Re1 b5
9. Bc2 d5 10. Nbd2 d4 11. cxd4 exd4 12. a3 Nd7 13. Nb3 Nb6 14. h3 a5 15. Bf4 a4
16. Nbd2 Na5 17. e5 Be6 18. Ne4 c5 19. Bg5 Nb7 20. Qd2 Qd7 21. Nf6+ gxf6 22.
exf6 Bd8 23. Bh4 1-0

[Event "PRO League Group Stage"]
[Site "chess.com INT"]
[Date "2019.01.08"]
[Round "1"]
[White "Bhat, Vinay"]
[Black "Izoria, Zviad"]
[Result "1-0"]
[WhiteTitle "GM"]
[BlackTitle "GM"]
[WhiteElo "2519"]
[BlackElo "2603"]
[WhiteTeam "San Francisco Mechanics"]
[BlackTeam "San Jose Hackers"]
[WhiteFideId "2011352"]
[BlackFideId "13601733"]
[EventDate "2019.01.08"]

1. d4 Nf6 2. c4 e6 3. Nf3 a6 4. Nc3 d5 5. cxd5 exd5 6. Bg5 Be6 7. e3 Nbd7 8. Bd3
Bd6 9. O-O c6 10. Qc2 Qc7 11. e4 dxe4 12. Nxe4 Nxe4 13. Bxe4 h6 14. Bh4 O-O 15.
Rfe1 Rfe8 16. a3 Nf8 17. Bg3 Bxg3 18. hxg3 Qd6 19. Rad1 Bd5 20. Ne5 Bxe4 21.
Rxe4 Qd5 22. Ree1 Rad8 23. Qc3 Ne6 24. Nf3 Nc7 25. Rxe8+ Rxe8 26. Re1 Rxe1+ 27.
Qxe1 Ne6 28. Qb4 Qd7 29. Qb6 f6 30. Qa7 Kf7 31. Qb8 Qc7 32. Qa8 Qb6 33. b4 Ke7
34. Nh4 Kf7 35. Nf5 Nxd4 36. Nxd4 Qxd4 37. Qxb7+ Kg6 38. Qxa6 Qd1+ 39. Qf1 Qa4
40. Qd3+ Kf7 41. Kf1 Kg8 42. Ke2 Kh8 43. Kd2 Kg8 44. Kc1 Qa7 45. Qe3 Qb7 46. Kb2
Qb5 47. Qe8+ Kh7 48. Qe4+ Kg8 49. Kb3 Qf1 50. Qc4+ Qxc4+ 51. Kxc4 1-0

[Event "PRO League Group Stage"]
[Site "chess.com INT"]
[Date "2019.01.08"]
[Round "1"]
[White "Ezra, Paul Chambers"]
[Black "Mamedyarov, Shakhriyar"]
[Result "0-1"]
[WhiteTitle "FM"]
[BlackTitle "GM"]
[WhiteElo "2360"]
[BlackElo "2817"]
[WhiteTeam "San Francisco Mechanics"]
[BlackTeam "San Jose Hackers"]
[WhiteFideId "20300204"]
[BlackFideId "13401319"]
[EventDate "2019.01.08"]

1. e4 c6 2. d4 d5 3. e5 Bf5 4. Nc3 a6 5. Be3 e6 6. g4 Bg6 7. Nge2 c5 8. Bg2 Nc6
9. O-O h5 10. Nf4 Nge7 11. gxh5 Bxc2 12. Qxc2 cxd4 13. Rad1 dxe3 14. fxe3 Nxe5
15. Qb3 Qc7 16. Bxd5 exd5 17. Ncxd5 Nxd5 18. Nxd5 Qc6 19. Rc1 Bc5 20. Rf5 f6 21.
h6 Rxh6 22. Rxc5 Qxc5 23. Qxb7 Qc1+ 24. Rf1 Rg6+ 25. Kf2 Qd2# 0-1

[Event "PRO League Group Stage"]
[Site "chess.com INT"]
[Date "2019.01.08"]
[Round "1"]
[White "Hilby, Craig"]
[Black "Mikhalevski, Victor"]
[Result "0-1"]
[WhiteTitle "IM"]
[BlackTitle "GM"]
[WhiteElo "2445"]
[BlackElo "2581"]
[WhiteTeam "San Diego Surfers"]
[BlackTeam "Seattle Sluggers"]
[WhiteFideId "2062674"]
[BlackFideId "2801914"]
[EventDate "2019.01.08"]

1. d4 Nf6 2. c4 g6 3. Nc3 d5 4. cxd5 Nxd5 5. e4 Nxc3 6. bxc3 Bg7 7. Nf3 c5 8.
Rb1 O-O 9. Be2 cxd4 10. cxd4 Qa5+ 11. Bd2 Qxa2 12. O-O b6 13. Bg5 Qe6 14. d5
Qxe4 15. Re1 Bb7 16. Rb5 a6 17. Rxb6 Qxd5 18. Qb1 Bc6 19. Bd3 e5 20. Qc2 Qe6 21.
Bc4 Qd6 22. Bb3 e4 23. Nd2 Qe5 24. Bh4 Bd5 25. Nxe4 Bxe4 26. Qxe4 Qxe4 27. Rxe4
Nd7 28. Rc6 Rfb8 29. Bc2 Rc8 30. Rec4 Nb6 31. Rxc8+ Rxc8 32. Rxc8+ Nxc8 33. Bd8
Bc3 34. Kf1 Na7 35. Ba4 Nb5 36. Ke2 Bd4 37. Kf3 Kg7 38. h4 Bf6 39. Bxf6+ Kxf6
40. Kf4 Nc3 41. Bb3 a5 42. Ke3 a4 43. Bc4 a3 44. Kd3 a2 0-1

[Event "PRO League Group Stage"]
[Site "chess.com INT"]
[Date "2019.01.08"]
[Round "1"]
[White "Margvelashvili, Giorgi"]
[Black "Brown, Michael William"]
[Result "0-1"]
[WhiteTitle "GM"]
[BlackTitle "IM"]
[WhiteElo "2530"]
[BlackElo "2524"]
[WhiteTeam "Seattle Sluggers"]
[BlackTeam "San Diego Surfers"]
[WhiteFideId "13602926"]
[BlackFideId "2037602"]
[EventDate "2019.01.08"]

1. Nf3 d5 2. c4 d4 3. g3 Nc6 4. Bg2 e5 5. d3 Nf6 6. O-O Bd6 7. Bg5 O-O 8. Na3 h6
9. Bxf6 Qxf6 10. Nb5 Re8 11. c5 a6 12. cxd6 axb5 13. dxc7 Re7 14. Qb3 b4 15. a3
bxa3 16. Rxa3 Rxa3 17. Qxa3 Rxc7 18. Rc1 Qd8 19. Qc5 Re7 20. b4 Bg4 21. b5 Na5
22. Qc2 b6 23. h3 Bd7 24. Qc7 Qxc7 25. Rxc7 f6 26. Nxe5 fxe5 27. Bc6 Bxc6 28.
Rxe7 Bxb5 29. Rxe5 Bc6 30. Kf1 Kf7 31. Ke1 Nb3 32. Rf5+ Ke6 33. Rf4 b5 34. Kd1
Bd5 35. Kc2 Ke5 36. Rf8 Nc5 37. Re8+ Kd6 38. Rb8 Nb7 39. h4 b4 40. Kb2 b3 41. e4
dxe3 42. fxe3 Nc5 43. Kc3 Kc7 44. Rb4 b2 45. Kc2 Na4 46. e4 Bc6 47. d4 Bxe4+ 48.
Kd2 b1=Q 49. Rxb1 Bxb1 0-1

[Event "PRO League Group Stage"]
[Site "chess.com INT"]
[Date "2019.01.08"]
[Round "1"]
[White "Bashkansky, Naomi"]
[Black "Dreev, Aleksey"]
[Result "0-1"]
[WhiteTitle "WIM"]
[BlackTitle "GM"]
[WhiteElo "1994"]
[BlackElo "2670"]
[WhiteTeam "Seattle Sluggers"]
[BlackTeam "San Diego Surfers"]
[WhiteFideId "2072289"]
[BlackFideId "4100107"]
[EventDate "2019.01.08"]

1. d4 d5 2. c4 c6 3. e3 Nf6 4. Nf3 Bf5 5. Bd3 Bxd3 6. Qxd3 e6 7. Nbd2 Nbd7 8.
O-O Be7 9. e4 O-O 10. cxd5 cxd5 11. e5 Ne8 12. Ne1 Rc8 13. f4 Qb6 14. Kh1 Nc7
15. Nef3 Qa6 16. Qxa6 Nxa6 17. a3 Nab8 18. Rd1 Nc6 19. Nb3 Nb6 20. Bd2 Nc4 21.
Bc3 Rc7 22. Rac1 Rfc8 23. Nfd2 b5 24. Nxc4 bxc4 25. Nd2 Nb8 26. Kg1 Nd7 27. Ra1
Rb7 28. Kf1 Nb6 29. a4 Nd7 30. Kg1 Rcb8 31. Kf1 Rb6 32. Ke1 R8b7 33. Nf3 Nb8 34.
Ke2 Nc6 35. Ne1 Rb3 36. Rdc1 Bb4 37. Kd1 Rb6 38. Rc2 Ra6 39. Rcc1 Ba5 40. Kd2
Nxd4 41. Nc2 Rxb2 42. Bxa5 Rxa5 43. Kc3 Rb3+ 44. Kxd4 Rd3# 0-1

[Event "PRO League Group Stage"]
[Site "chess.com INT"]
[Date "2019.01.08"]
[Round "1"]
[White "Naroditsky, Daniel"]
[Black "Yoo, Christopher Woojin"]
[Result "0-1"]
[WhiteTitle "GM"]
[BlackTitle "FM"]
[WhiteElo "2616"]
[BlackElo "2388"]
[WhiteTeam "San Francisco Mechanics"]
[BlackTeam "San Jose Hackers"]
[WhiteFideId "2026961"]
[BlackFideId "30909694"]
[EventDate "2019.01.08"]

1. d4 Nf6 2. Bf4 g6 3. Nc3 d5 4. Qd2 Bg7 5. Bh6 O-O 6. h4 Bxh6 7. Qxh6 c5 8. e3
Nc6 9. O-O-O cxd4 10. exd4 e5 11. dxe5 Nxe5 12. h5 Neg4 13. Qf4 Qb6 14. Nh3 Nxh5
15. Qg5 Qf6 16. Qd2 Be6 17. Be2 Rad8 18. Nb5 d4 19. Nxd4 Rd6 20. Qb4 Rb6 21. Qa3
Nf4 22. Nxf4 Qxf4+ 23. Kb1 Nxf2 24. Rhf1 Qh4 25. g3 Qh2 26. Rde1 Ne4 27. Qe3
Nxg3 28. Rf2 Qh4 29. Bd3 Re8 30. Nb3 Bd7 31. Qd2 Rxe1+ 32. Qxe1 Re6 33. Qg1 Bc6
34. a3 Qh1 35. Qxh1 Nxh1 36. Rf4 Ng3 37. Nd4 Re1+ 38. Ka2 Bd5+ 39. c4 Be6 40.
Rf3 Nh5 41. Kb3 Ng7 42. Kc3 Kf8 43. Kd2 Rh1 44. b4 Ke7 45. c5 Bd5 46. Re3+ Ne6
47. Nb5 a6 48. Nc7 Bc6 49. Bc4 Bd7 50. Bd5 Rh2+ 51. Kc3 Bc8 52. Na8 Kd8 53. Nb6
Kc7 54. Rf3 Ng5 55. Re3 Be6 56. Rd3 Rh3 57. Rxh3 Nxh3 58. Bg2 Nf4 59. Bf3 h5 60.
Kd4 h4 61. Ke3 g5 62. Be4 h3 63. Kf2 f5 64. Bh1 g4 65. Kg3 Ng6 66. a4 f4+ 67.
Kf2 g3+ 68. Kf3 Nh4+ 69. Kxf4 g2 0-1

[Event "PRO League Group Stage"]
[Site "chess.com INT"]
[Date "2019.01.08"]
[Round "1"]
[White "Gozzoli, Yannick"]
[Black "Ke, Ivan"]
[Result "1-0"]
[WhiteTitle "GM"]
[WhiteElo "2630"]
[BlackElo "2251"]
[WhiteTeam "San Francisco Mechanics"]
[BlackTeam "San Jose Hackers"]
[WhiteFideId "616915"]
[BlackFideId "30914477"]
[EventDate "2019.01.08"]

1. d4 d5 2. Nf3 Nf6 3. c4 e6 4. g3 Be7 5. Bg2 O-O 6. O-O dxc4 7. Qc2 a6 8. a4
Bd7 9. Bg5 Bc6 10. Nbd2 h6 11. Bxf6 Bxf6 12. Rfd1 b5 13. b3 cxb3 14. Nxb3 Qd5
15. Na5 bxa4 16. Nxc6 Nxc6 17. Rxa4 Rad8 18. Ne1 Nxd4 19. Raxd4 Qxd4 20. Rxd4
Rxd4 21. Nd3 a5 22. Qxc7 a4 23. Qa7 Rc4 24. Qa6 Rc2 25. Bf3 Ra2 26. Kg2 Ra1 27.
Nc5 a3 28. Nd7 Bb2 29. Nxf8 Kxf8 30. Be4 g6 31. Bd3 a2 32. Kf3 Bd4 33. e3 Bf6
34. Bc4 Rh1 35. Qxa2 Rxh2 36. Qa8+ Kg7 37. Qb7 Kg8 38. Qc8+ Kg7 39. Qd7 Kg8 40.
Qc8+ Kg7 41. Bb5 Rh5 42. Bd3 Rd5 43. Ke2 Rd8 44. Qc7 h5 45. f4 Rh8 46. Bc4 Re8
47. Kf3 Re7 48. Qd6 Ra7 49. Qb6 Ra8 50. Bxe6 Re8 51. Bb3 Re7 52. e4 Rd7 53. e5
Be7 54. Ke4 Bf8 55. Qf6+ Kh7 56. Bxf7 1-0

[Event "PRO League Group Stage"]
[Site "chess.com INT"]
[Date "2019.01.08"]
[Round "1"]
[White "Mamedyarov, Shakhriyar"]
[Black "Bhat, Vinay"]
[Result "1-0"]
[WhiteTitle "GM"]
[BlackTitle "GM"]
[WhiteElo "2817"]
[BlackElo "2519"]
[WhiteTeam "San Jose Hackers"]
[BlackTeam "San Francisco Mechanics"]
[WhiteFideId "13401319"]
[BlackFideId "2011352"]
[EventDate "2019.01.08"]

1. d4 d5 2. c4 c6 3. Nf3 Nf6 4. Qb3 e6 5. Bf4 dxc4 6. Qxc4 b5 7. Qc2 Bb7 8. Nbd2
Nbd7 9. e3 a6 10. a4 Be7 11. Be2 O-O 12. O-O Qb6 13. Qb3 Nd5 14. Bg3 Nb4 15.
Rfc1 Rfc8 16. Ne4 c5 17. Nxc5 Nxc5 18. Qxb4 a5 19. dxc5 axb4 20. cxb6 bxa4 21.
Rxc8+ Bxc8 22. Nd4 a3 23. bxa3 Rxa3 24. Rc1 Bb7 25. Bf3 1-0

[Event "PRO League Group Stage"]
[Site "chess.com INT"]
[Date "2019.01.08"]
[Round "1"]
[White "Izoria, Zviad"]
[Black "Ezra, Paul Chambers"]
[Result "1-0"]
[WhiteTitle "GM"]
[BlackTitle "FM"]
[WhiteElo "2603"]
[BlackElo "2360"]
[WhiteTeam "San Jose Hackers"]
[BlackTeam "San Francisco Mechanics"]
[WhiteFideId "13601733"]
[BlackFideId "20300204"]
[EventDate "2019.01.08"]

1. Nf3 Nf6 2. c4 c6 3. g3 d5 4. Bg2 Bg4 5. Ne5 Be6 6. cxd5 Bxd5 7. Nf3 c5 8. Nc3
Bc6 9. O-O e6 10. Re1 Be7 11. e4 O-O 12. d4 cxd4 13. Nxd4 Nbd7 14. Nxc6 bxc6 15.
Qc2 Ne5 16. Rd1 Qa5 17. b3 Rfd8 18. Bb2 Ba3 19. Bxa3 Qxa3 20. Na4 Qb4 21. Qc5
Qxc5 22. Nxc5 g5 23. f3 Kf8 24. Kf2 Ke7 25. Ke3 h6 26. Bf1 Rd6 27. Be2 Rad8 28.
Rxd6 Rxd6 29. Rc1 h5 30. h3 Ng6 31. Nb7 Rd7 32. Na5 h4 33. Nxc6+ Kf8 34. gxh4
Nxh4 35. Rg1 Rc7 36. Nd4 Nh7 37. Bc4 e5 38. Nb5 Rd7 39. Nc3 f5 40. exf5 Nxf5+
41. Ke4 Nh4 42. Nd5 Rf7 43. Rf1 Rf5 44. Bd3 Kg7 45. Ke3 Nf6 46. Nc7 e4 47. fxe4
Ng2+ 48. Kd4 Rxf1 49. Bxf1 Nf4 50. Nd5 1-0

[Event "PRO League Group Stage"]
[Site "chess.com INT"]
[Date "2019.01.08"]
[Round "1"]
[White "Zhu, Jiner"]
[Black "Sarana, Alexey"]
[Result "0-1"]
[WhiteTitle "WIM"]
[BlackTitle "GM"]
[WhiteElo "2424"]
[BlackElo "2630"]
[WhiteTeam "Dallas Destiny"]
[BlackTeam "Australia Kangaroos"]
[WhiteFideId "8608059"]
[BlackFideId "24133795"]
[EventDate "2019.01.08"]

1. e4 d6 2. d4 Nf6 3. Nc3 e5 4. Nf3 Nbd7 5. Bc4 Be7 6. O-O O-O 7. h3 c6 8. a4 a5
9. Be3 Nxe4 10. Nxe4 d5 11. Bb3 exd4 12. Qxd4 dxe4 13. Qxe4 Nf6 14. Qd4 Bf5 15.
Rad1 Qxd4 16. Bxd4 Rfe8 17. Ne5 Nd5 18. Bxd5 cxd5 19. Rd2 Rac8 20. c3 f6 21. Nf3
Be4 22. Bb6 Rc6 23. Be3 Rc4 24. Nd4 Rxa4 25. f3 Bg6 26. Nb3 Bf7 27. Bb6 Bd6 28.
Nxa5 Bf4 29. Rdd1 Ra2 30. Rf2 Re6 31. Bd8 Be3 32. Rd2 Rd6 33. Be7 Rd7 34. Bb4 d4
35. cxd4 Rxd4 36. Rxd4 Bxd4 37. Ba3 Ra1+ 0-1

[Event "PRO League Group Stage"]
[Site "chess.com INT"]
[Date "2019.01.08"]
[Round "1"]
[White "Javakhadze, Zurab"]
[Black "Smirnov, Anton"]
[Result "0-1"]
[WhiteTitle "IM"]
[BlackTitle "GM"]
[WhiteElo "2449"]
[BlackElo "2569"]
[WhiteTeam "Dallas Destiny"]
[BlackTeam "Australia Kangaroos"]
[WhiteFideId "13603647"]
[BlackFideId "3208923"]
[EventDate "2019.01.08"]

1. Nf3 d5 2. g3 g6 3. Bg2 Bg7 4. d4 Nh6 5. O-O Nf5 6. c3 O-O 7. Nbd2 Nd6 8. Ne5
c6 9. e4 dxe4 10. Nxe4 Nxe4 11. Bxe4 Bh3 12. Re1 Nd7 13. Nd3 Nf6 14. Bf3 Re8 15.
Bf4 Nd5 16. Bd2 h5 17. Bg5 Qd7 18. Qe2 Qf5 19. Bd2 Bg4 20. Kg2 Bh3+ 21. Kg1 Bg4
22. Kg2 Rad8 23. Qe4 Qxe4 24. Bxe4 Nb6 25. b3 f5 26. Bf3 Bxf3+ 27. Kxf3 e5 28.
Nc5 exd4 29. Bg5 Ra8 30. Rxe8+ Rxe8 31. cxd4 Bxd4 32. Rc1 Bxc5 33. Rxc5 Nd5 34.
Rc2 Kf7 35. h3 Re1 36. Bh6 Kf6 37. Bc1 g5 38. g4 fxg4+ 39. hxg4 h4 40. Kg2 Re4
41. Kf3 Re6 42. Bd2 Kg6 43. Rc4 Re8 44. Rd4 Rf8+ 45. Kg2 Rf7 46. Re4 Re7 47. Ra4
a6 48. Kf3 Rf7+ 49. Kg2 Nf4+ 50. Kf1 h3 51. Bxf4 Rxf4 52. Rxf4 gxf4 53. b4 Kg5
54. f3 b6 55. a4 a5 0-1

[Event "PRO League Group Stage"]
[Site "chess.com INT"]
[Date "2019.01.08"]
[Round "1"]
[White "Matheson, Laurence"]
[Black "Zhou, Jianchao"]
[Result "0-1"]
[BlackTitle "GM"]
[WhiteElo "2253"]
[BlackElo "2609"]
[WhiteTeam "Australia Kangaroos"]
[BlackTeam "Dallas Destiny"]
[WhiteFideId "3200264"]
[BlackFideId "8603537"]
[EventDate "2019.01.08"]

1. e4 c5 2. Nf3 d6 3. Bb5+ Nd7 4. c3 Nf6 5. Qe2 a6 6. Ba4 b5 7. Bc2 Bb7 8. d4 e6
9. O-O Be7 10. Nbd2 Qc7 11. a4 O-O 12. Re1 c4 13. e5 dxe5 14. dxe5 Nd5 15. Qe4
g6 16. Qg4 b4 17. Qxc4 Qxc4 18. Nxc4 bxc3 19. bxc3 Rac8 20. Na5 Rxc3 21. Be4 Ba8
22. Bd2 Rc7 23. Nd4 Rfc8 24. Bf3 Nc5 25. Rec1 Nd3 26. Rxc7 Rxc7 27. Rb1 Rc8 28.
Be2 Nc5 29. Rc1 Re8 30. Nac6 Bf8 31. Nb4 Nxb4 32. Bxb4 Nxa4 33. Bxf8 Kxf8 34.
Bxa6 Rd8 35. f4 Rxd4 36. Rc8+ Kg7 37. Rxa8 Rxf4 38. Bb7 Nc5 39. Bc6 Nd3 40. Ra5
Rf5 41. Ra7 Nxe5 42. Be8 h5 43. g3 g5 44. Kg2 g4 45. h3 Kg6 46. Ba4 Rf3 47. Bc2+
Kf6 48. hxg4 hxg4 49. Ra4 Rc3 50. Be4 Rc4 51. Rxc4 Nxc4 52. Bd3 Nd6 53. Kf2 Ke5
54. Ke3 f5 55. Be2 Ne4 0-1